000 00686nam a2200169Ia 4500
008 240428s9999||||xx |||||||||||||| ||und||
020 _a0333568400
041 _aeng
082 _a966.705 S
100 _aShillington, Kevin
245 0 _aGhana and the Rawlings factor
260 _bMacmillan Press
_aLondon
_c1992
300 _aviii, 184 p., [16] p. of plates : ill.
650 _aGhana -- Politics and government -- 1979-2001. - Ghana -- History -- Coup d'etat, 1979. - Ghana -- History -- Coup d'etat, 1981. - - Ghana -- Politics and government - Ghana -- Economic conditions. - Ghana History 1957- - Rawlings, Jerry J., 1947-2020 - Economic history
942 _cBK
999 _c244
_d244